[Event "Australian op"]
[Site "Cammeray"]
[Date "2013.01.11"]
[Round "9"]
[White "Escribano, Jose"]
[Black "Press, Brian"]
[Result "1-0"]
[WhiteElo "1824"]
[BlackElo "1585"]
[PlyCount "79"]
[EventDate "2013.01.02"]
[EventType "swiss"]
[EventRounds "11"]
[EventCountry "AUS"]
[SourceTitle "CBM 152 Extra"]
[Source "ChessBase"]
[SourceDate "2013.02.25"]
[SourceVersion "1"]
[SourceVersionDate "2013.02.25"]
[SourceQuality "1"]

1. e4 c5 2. Nc3 Nc6 3. f4 g6 4. Nf3 Bg7 5. Bc4 e6 6. d3 Nge7 7. 0-0 d5 8. Bb3 0-0 9. Qe1 d4 10. Nd1 b6 11. Qh4 Na5 12. Ba4 a6 13. c3 dxc3 14. Nxc3 b5 15. Bc2 Nec6 16. Be3 Qxh4 17. Nxh4 Nd4 18. Rac1 b4 19. Na4 Ne2+ 20. Kh1 Nxc1 21. Rxc1 Bd4 22. Bd2 Rb8 23. Bd1 Rd8 24. Nf3 Bf2 25. Nxc5 Bxc5 26. Rxc5 Nb7 27. Rc7 Rxd3 28. Be2 Rd7 29. Rc2 Nd8 30. Ne5 Re7 31. Be3 f6 32. Ng4 f5 33. exf5 gxf5 34. Nf6+ Kf7 35. Bd4 Bb7 36. Bh5+ Kf8 37. Bc5 Nc6 38. Nd7+ Kg7 39. Nxb8 Nxb8 40. Bxe7 1-0

[Event "Australian op"]
[Site "Cammeray"]
[Date "2013.01.08"]
[Round "7"]
[White "Louie, Jared"]
[Black "Press, Brian"]
[Result "1-0"]
[WhiteElo "1735"]
[BlackElo "1585"]
[PlyCount "87"]
[EventDate "2013.01.02"]
[EventType "swiss"]
[EventRounds "11"]
[EventCountry "AUS"]
[SourceTitle "CBM 152 Extra"]
[Source "ChessBase"]
[SourceDate "2013.02.25"]
[SourceVersion "1"]
[SourceVersionDate "2013.02.25"]
[SourceQuality "1"]

1. d4 Nf6 2. c4 e6 3. Nf3 b6 4. g3 Bb7 5. Bg2 d6 6. 0-0 Nbd7 7. Nc3 Be7 8. Re1 Ne4 9. Qc2 f5 10. Nd2 Ndf6 11. Ncxe4 fxe4 12. Nxe4 Qc8 13. Nxf6+ Bxf6 14. Bxb7 Qxb7 15. Qd3 0-0-0 16. e4 e5 17. d5 Kb8 18. Be3 h5 19. h3 Qc8 20. Kh2 g5 21. b4 Be7 22. a4 Rhf8 23. c5 dxc5 24. bxc5 Bxc5 25. Bxc5 bxc5 26. Qb5+ Ka8 27. Qxc5 Rf7 28. Rab1 Rd6 29. Rec1 Rdf6 30. Rb2 Qf8 31. Qxf8+ Rxf8 32. Kg2 R8f7 33. Rc6 g4 34. hxg4 hxg4 35. a5 a6 36. Rc5 Re7 37. Rbc2 Kb7 38. Rc6 Rxc6 39. Rxc6 Rg7 40. Re6 Rg5 41. Kf1 Rh5 42. Kg2 Rg5 43. Rf6 Ka7 44. Rf5 1-0

[Event "AUS-ch Major"]
[Site "Cammeray"]
[Date "2011.01.10"]
[Round "8"]
[White "Press, Brian"]
[Black "Fry, Peter"]
[Result "1/2-1/2"]
[WhiteElo "1563"]
[BlackElo "1870"]
[PlyCount "70"]
[EventDate "2011.01.02"]
[EventType "swiss"]
[EventRounds "11"]
[EventCountry "AUS"]
[SourceTitle "CBM 140 Extra"]
[Source "ChessBase"]
[SourceDate "2011.03.01"]
[SourceVersion "1"]
[SourceVersionDate "2011.03.01"]
[SourceQuality "1"]

1. e4 c6 2. Nf3 d5 3. exd5 cxd5 4. d4 Nc6 5. c3 Nf6 6. Bd3 g6 7. 0-0 Bg7 8. Bf4 Nh5 9. Qd2 h6 10. Bg3 Be6 11. Qc2 Rc8 12. Re1 Nb4 13. Qa4+ Nc6 14. Bxg6 Nxg3 15. hxg3 Qd7 16. Bh5 Kf8 17. Nbd2 a6 18. Qd1 Bf5 19. Qe2 e6 20. Nb3 Ra8 21. Nc5 Qe7 22. Nh4 Bh7 23. Nb3 Bf6 24. Nf3 Rg8 25. Ne5 Bxe5 26. dxe5 Rg5 27. f4 Rxg3 28. Rf1 Kg8 29. Rf3 Rg7 30. Qf2 Kh8 31. g4 Bf5 32. Rg3 Qh4 33. Qh2 Qxh2+ 34. Kxh2 Bg6 35. Rag1 b6 1/2-1/2

[Event "AUS-ch Major"]
[Site "Cammeray"]
[Date "2011.01.04"]
[Round "3"]
[White "Press, Brian"]
[Black "Tomas, Tom"]
[Result "0-1"]
[WhiteElo "1563"]
[BlackElo "1832"]
[PlyCount "68"]
[EventDate "2011.01.02"]
[EventType "swiss"]
[EventRounds "11"]
[EventCountry "AUS"]
[SourceTitle "CBM 140 Extra"]
[Source "ChessBase"]
[SourceDate "2011.03.01"]
[SourceVersion "1"]
[SourceVersionDate "2011.03.01"]
[SourceQuality "1"]

1. e4 c5 2. Nc3 e6 3. f4 d5 4. Nf3 dxe4 5. Nxe4 Nf6 6. Bb5+ Bd7 7. Qe2 Nxe4 8. Bxd7+ Qxd7 9. Qxe4 Qc6 10. Qe2 Bd6 11. d3 0-0 12. 0-0 Nd7 13. Bd2 Qc7 14. g3 Rfe8 15. Rae1 f6 16. Bc3 Re7 17. Nd2 Qc6 18. Nc4 Bc7 19. b3 b5 20. Nd2 Rae8 21. Qf3 Qa6 22. Ra1 Kh8 23. a4 b4 24. Bb2 e5 25. fxe5 Bxe5 26. Bxe5 Nxe5 27. Qf4 Ng6 28. Qc4 Qc8 29. Ne4 Ne5 30. Qxc5 Rc7 31. Qxb4 Rxc2 32. Nd6 Qh3 33. Rf2 Rxf2 34. Kxf2 Nxd3+ 0-1